DICOM Based PACS and Its Application in the Education

SZOTE-PACS is a DICOM based PACS developed at the Universities of Szeged. It is able to collect studies from different modalities and convert them into DICOM format. The DICOM studies can be edited, modified by RIS data, then verified and transferred into the archiving server. There is a graphic...

Teljes leírás

Elmentve itt :
Bibliográfiai részletek
Szerzők: Kuba A.
Alexin Zoltán
Nagy Antal
Nyúl László Gábor
Palágyi Kálmán
Nagy M.
Almási László
Csernay László
Testületi szerző: 14th International EuroPACS Meeting, EuroPACS 1996
Dokumentumtípus: Könyv része
Megjelent: 1996
Sorozat:Proceedings 14th International EuroPACS Meeting, EuroPACS '96
Tárgyszavak:
mtmt:1064184
Online Access:http://publicatio.bibl.u-szeged.hu/31794
LEADER 01657naa a2200313 i 4500
001 publ31794
005 20250305130534.0
008 250305s1996 hu o 100 eng d
024 7 |a 1064184  |2 mtmt 
040 |a SZTE Publicatio Repozitórium  |b hun 
041 |a eng 
100 1 |a Kuba A. 
245 1 0 |a DICOM Based PACS and Its Application in the Education  |h [elektronikus dokumentum] /  |c  Kuba A. 
260 |c 1996 
300 |a 4 
300 |a 46-49 
490 0 |a Proceedings 14th International EuroPACS Meeting, EuroPACS '96 
520 3 |a SZOTE-PACS is a DICOM based PACS developed at the Universities of Szeged. It is able to collect studies from different modalities and convert them into DICOM format. The DICOM studies can be edited, modified by RIS data, then verified and transferred into the archiving server. There is a graphic application based on Oracle for searching and other database management functions of the Archive. The archived studies can be presented and/or processed on the viewing workstations. SZOTE- PACS also supports the creation and presentation of educational materials fror medical students. 
650 4 |a Számítás- és információtudomány 
650 4 |a Klinikai orvostan 
700 0 1 |a Alexin Zoltán  |e aut 
700 0 1 |a Nagy Antal  |e aut 
700 0 1 |a Nyúl László Gábor  |e aut 
700 0 1 |a Palágyi Kálmán  |e aut 
700 0 1 |a Nagy M.  |e aut 
700 0 1 |a Almási László  |e aut 
700 0 1 |a Csernay László  |e aut 
711 |a 14th International EuroPACS Meeting, EuroPACS 1996  |c Heraklion  |d 1996.10.03-1996.10.05 
856 4 0 |u http://publicatio.bibl.u-szeged.hu/31794/1/aok_klny_32_96_z.pdf  |z Dokumentum-elérés